| 000 | 00686nam a22002297a 4500 | ||
|---|---|---|---|
| 003 | BUBTL | ||
| 008 | 160203b xxu||||| |||| 00| 0 eng d | ||
| 020 | _a9788126513864 | ||
| 082 | _a621.38275/ Ag81f/ 2002 | ||
| 100 |
_9290 _aAgrawal, Govind P. |
||
| 245 |
_aFiber-Optic Communication Systems / _cGovind P. Agrawal |
||
| 250 | _a3rd Edn. | ||
| 260 |
_aIndia: _bWiley, _cc2002 |
||
| 300 |
_axvii,545 p.: _c22 cm. |
||
| 500 | _aIncludes Index | ||
| 505 | _aFiber-Optic Communication Systems, Govind P. Agrawal | ||
| 650 | 0 |
_94295 _aElectrical and Electronic Engineering |
|
| 760 | _b3rd | ||
| 856 |
_k0 _l0 _yDownload |
||
| 942 |
_2ddc _cBK |
||
| 999 |
_c5128 _d5128 |
||